00651 2200181 4500001002100000005001500021035002000036245005100056100001500107250001700122300002800139260002900167082001000196084001600206020002200222650001400244520021100258INLIS00000000000072320241010083103 a0010-10240000161 aMenjaga Kebersihan dan Kesehatan /cAgus salim0 aAgus salim aCetakan ke-1 a58 hlm :bIlus ;c21 cm aBandung :bNuansa,c2007 a613.5 a613.5 AGU m a978-979-24-5638-4 4aKesehatan aTidak ada karunia yang melebihi segalanya ketika kita menjalani hidup selain karunia mendapatkan kesehatan. Dengan kesehatan maka kita dapat melakukan aktivitas dan tugas keseharian dengan benar dan lancar.